<?xml version="1.0" encoding="UTF-8"?>
<record
    xmlns:xsi="http://www.w3.org/2001/XMLSchema-instance"
    xsi:schemaLocation="http://www.loc.gov/MARC21/slim http://www.loc.gov/standards/marcxml/schema/MARC21slim.xsd"
    xmlns="http://www.loc.gov/MARC21/slim">

  <leader>01478nam a2200373 i 4500</leader>
  <controlfield tag="001">197672</controlfield>
  <controlfield tag="003">ES-MaACL</controlfield>
  <controlfield tag="005">20250825062712.0</controlfield>
  <controlfield tag="007">ta</controlfield>
  <controlfield tag="008">230316s2019    sp            000 0 spa d</controlfield>
  <datafield tag="017" ind1=" " ind2=" ">
    <subfield code="a">461401-2019</subfield>
  </datafield>
  <datafield tag="035" ind1=" " ind2=" ">
    <subfield code="a">(OCoLC)1381229585</subfield>
  </datafield>
  <datafield tag="035" ind1=" " ind2=" ">
    <subfield code="a">9918411252904201</subfield>
  </datafield>
  <datafield tag="040" ind1=" " ind2=" ">
    <subfield code="a">ES-MaCSI</subfield>
    <subfield code="b">spa</subfield>
    <subfield code="c">ES-MaACL</subfield>
  </datafield>
  <datafield tag="080" ind1=" " ind2=" ">
    <subfield code="a">061.27(460)(058.7)</subfield>
  </datafield>
  <datafield tag="080" ind1=" " ind2=" ">
    <subfield code="a">82:069(460)(058.7)</subfield>
  </datafield>
  <datafield tag="245" ind1="1" ind2="0">
    <subfield code="a">Asociaci&#xF3;n de Casas Museo y Fundaciones de Escritores (ACAMFE) :</subfield>
    <subfield code="b">25 a&#xF1;os / [textos, Ibon Arbaiza...(et al.)]</subfield>
  </datafield>
  <datafield tag="260" ind1=" " ind2=" ">
    <subfield code="a">[S.l.] :</subfield>
    <subfield code="b">ACAMFE,</subfield>
    <subfield code="c">2019.</subfield>
  </datafield>
  <datafield tag="300" ind1=" " ind2=" ">
    <subfield code="a">111 p&#xE1;ginas :</subfield>
    <subfield code="b">ilustrado ;</subfield>
    <subfield code="c">24 cm.</subfield>
  </datafield>
  <datafield tag="336" ind1=" " ind2=" ">
    <subfield code="2">rdacontent</subfield>
    <subfield code="a">texto</subfield>
  </datafield>
  <datafield tag="337" ind1=" " ind2=" ">
    <subfield code="2">rdamedia</subfield>
    <subfield code="a">sin mediaci&#xF3;n</subfield>
  </datafield>
  <datafield tag="338" ind1=" " ind2=" ">
    <subfield code="2">rdacarrier</subfield>
    <subfield code="a">volumen</subfield>
  </datafield>
  <datafield tag="610" ind1="2" ind2="7">
    <subfield code="a">Asociaci&#xF3;n de Casas - Museo y Fundaciones de Escritores.</subfield>
    <subfield code="2">CSICAU</subfield>
    <subfield code="9">241074</subfield>
  </datafield>
  <datafield tag="650" ind1="0" ind2="7">
    <subfield code="a">Escritores espa&#xF1;oles- </subfield>
    <subfield code="x">Fundaciones.</subfield>
    <subfield code="2">CSICAU</subfield>
    <subfield code="9">241075</subfield>
  </datafield>
  <datafield tag="650" ind1="0" ind2="4">
    <subfield code="a">Museos-</subfield>
    <subfield code="z">Espa&#xF1;a</subfield>
    <subfield code="2">CSICAU</subfield>
    <subfield code="9">15366</subfield>
  </datafield>
  <datafield tag="655" ind1=" " ind2="7">
    <subfield code="2">tgfbne</subfield>
    <subfield code="a">Libros ilustrados</subfield>
    <subfield code="9">193653</subfield>
  </datafield>
  <datafield tag="700" ind1="1" ind2=" ">
    <subfield code="a">Arbaiza, Ibon</subfield>
    <subfield code="e">aut</subfield>
    <subfield code="9">241076</subfield>
  </datafield>
  <datafield tag="852" ind1=" " ind2=" ">
    <subfield code="a">ES-MaACL</subfield>
    <subfield code="c">DEPO1</subfield>
    <subfield code="j">A-15744</subfield>
    <subfield code="h">Donaci&#xF3;n: Centro de Informaci&#xF3;n Documental de Archivos</subfield>
    <subfield code="x">Encuadernaci&#xF3;n r&#xFA;stica con solapas</subfield>
    <subfield code="9">206102</subfield>
  </datafield>
  <datafield tag="914" ind1=" " ind2=" ">
    <subfield code="a">Centro de Informaci&#xF3;n Documental de Archivos</subfield>
    <subfield code="e">dnr</subfield>
  </datafield>
  <datafield tag="942" ind1=" " ind2=" ">
    <subfield code="n">0</subfield>
    <subfield code="c">MONOGRAFIA</subfield>
  </datafield>
  <datafield tag="999" ind1=" " ind2=" ">
    <subfield code="c">197672</subfield>
    <subfield code="d">197672</subfield>
  </datafield>
  <datafield tag="952" ind1=" " ind2=" ">
    <subfield code="0">0</subfield>
    <subfield code="1">0</subfield>
    <subfield code="2">udc</subfield>
    <subfield code="4">0</subfield>
    <subfield code="7">0</subfield>
    <subfield code="a">ATENEOM</subfield>
    <subfield code="b">ATENEOM</subfield>
    <subfield code="c">DEPO1</subfield>
    <subfield code="d">2025-06-25</subfield>
    <subfield code="e">DONACION</subfield>
    <subfield code="l">0</subfield>
    <subfield code="o">A-15744</subfield>
    <subfield code="r">2025-06-25 00:00:00</subfield>
    <subfield code="w">2025-06-25</subfield>
    <subfield code="y">MONOGRAFIA</subfield>
  </datafield>
</record>
